000 00737nam a22002177a 4500
999 _c9661
_d9661
003 AR-CdUCM
008 190328b ||||| |||| 00| 0 spa d
040 _aMUNICIPALIDAD PROVINCIAL DEL CUSCO
_cBIBLIOTECA MUNICIPAL DEL CUSCO
082 _aC / 869.56 /
_bP33P
100 _aPaz, Miguel
_926012
245 _aPoemas de amor y desesperanza /
260 _aCuzco :
_bTipografía Mercantil,
_c1948
300 _a29 páginas ;
_c21 cm.
500 _aPublicación local, y artesanal. Dedicatoria a Gustavo Pérez Ocampo.
650 _aPoesía cusqueña
_92323
650 _aAutores cusqueños
_95505
650 _aPoetas cusqueños - Siglo XX
_914537
650 _aMiguel Paz - Poemas
_926013
942 _2ddc
_cLIBROS
945 _alccs